ბათუმის შოთა რუსთაველის სახელმწიფო უნივერსიტეტის ბიბლიოთეკა

Identity : (ბიბ.ჩანაწერი № 57674)

000 -LEADER
fixed length control field 01868cam a2200433 i 4500
001 - CONTROL NUMBER
control field 20449790
005 - DATE AND TIME OF LATEST TRANSACTION
control field 20200902133138.0
008 - FIXED-LENGTH DATA ELEMENTS--GENERAL INFORMATION
fixed length control field 180413t20182018nyu b 001 0 eng
010 ## - LIBRARY OF CONGRESS CONTROL NUMBER
LC control number 2018004954
020 ## - INTERNATIONAL STANDARD BOOK NUMBER
International Standard Book Number 9780374129293
Qualifying information (hardcover)
020 ## - INTERNATIONAL STANDARD BOOK NUMBER
Canceled/invalid ISBN 9780374906740
Qualifying information (Open Market edition)
040 ## - CATALOGING SOURCE
Original cataloging agency DLC
Language of cataloging eng
Transcribing agency DLC
Description conventions rda
042 ## - AUTHENTICATION CODE
Authentication code pcc
050 00 - LIBRARY OF CONGRESS CALL NUMBER
Classification number JF799
Item number .F85 2018
080 ## - UNIVERSAL DECIMAL CLASSIFICATION NUMBER
Universal Decimal Classification number 32 F-96
100 1# - MAIN ENTRY--PERSONAL NAME
Personal name Fukuyama, Francis,
Relator term author.
9 (RLIN) 9377
245 10 - TITLE STATEMENT
Title Identity :
Remainder of title the demand for dignity and the politics of resentment /
Statement of responsibility, etc. Francis Fukuyama.
250 ## - EDITION STATEMENT
Edition statement First edition.
264 #1 - PRODUCTION, PUBLICATION, DISTRIBUTION, MANUFACTURE, AND COPYRIGHT NOTICE
Place of production, publication, distribution, manufacture New York :
Name of producer, publisher, distributor, manufacturer Farrar, Straus and Giroux,
Date of production, publication, distribution, manufacture, or copyright notice [2018]
264 #4 - PRODUCTION, PUBLICATION, DISTRIBUTION, MANUFACTURE, AND COPYRIGHT NOTICE
Date of production, publication, distribution, manufacture, or copyright notice © 2018.
300 ## - PHYSICAL DESCRIPTION
Extent xvii, 218 pages ;
Dimensions 22 cm
336 ## - CONTENT TYPE
Content type term text
Content type code txt
Source rdacontent
337 ## - MEDIA TYPE
Media type term unmediated
Media type code n
Source rdamedia
338 ## - CARRIER TYPE
Carrier type term volume
Carrier type code nc
Source rdacarrier
504 ## - BIBLIOGRAPHY, ETC. NOTE
Bibliography, etc. note Includes bibliographical references (pages [199]-203) and index.
505 0# - FORMATTED CONTENTS NOTE
Formatted contents note The politics of dignity -- The third part of the soul -- Inside and outside -- From dignity to democracy -- Revolutions of dignity -- Expressive individualism -- Nationalism and religion -- The wrong address -- Invisible man -- The democratization of dignity -- From identity to identities -- We the people -- Stories of peoplehood -- What is to be done?
650 #0 - SUBJECT ADDED ENTRY--TOPICAL TERM
Topical term or geographic name entry element Political participation
General subdivision Social aspects.
9 (RLIN) 9378
650 #0 - SUBJECT ADDED ENTRY--TOPICAL TERM
Topical term or geographic name entry element Identity politics.
9 (RLIN) 9379
650 #0 - SUBJECT ADDED ENTRY--TOPICAL TERM
Topical term or geographic name entry element Group identity
General subdivision Political aspects.
9 (RLIN) 9380
650 #0 - SUBJECT ADDED ENTRY--TOPICAL TERM
Topical term or geographic name entry element Dignity.
9 (RLIN) 9381
650 #0 - SUBJECT ADDED ENTRY--TOPICAL TERM
Topical term or geographic name entry element Resentment.
9 (RLIN) 9382
650 #0 - SUBJECT ADDED ENTRY--TOPICAL TERM
Topical term or geographic name entry element Polarization (Social sciences)
General subdivision Political aspects.
9 (RLIN) 9383
650 #0 - SUBJECT ADDED ENTRY--TOPICAL TERM
Topical term or geographic name entry element World politics
Chronological subdivision 21st century.
9 (RLIN) 9190
653 ## - INDEX TERM--UNCONTROLLED
keyword პოლიტიკა
653 ## - INDEX TERM--UNCONTROLLED
keyword მსოფლიო პოლიტიკა
906 ## - LOCAL DATA ELEMENT F, LDF (RLIN)
a 7
b cbc
c orignew
d 1
e ecip
f 20
g y-gencatlg
942 ## - ADDED ENTRY ELEMENTS (KOHA)
Source of classification or shelving scheme
Koha item type წიგნი
ეგზემპლარები
Withdrawn status Lost status Source of classification or shelving scheme Damaged status Not for loan Permanent Location Current Location Shelving location Date acquired Cost, normal purchase price Full call number Barcode Date last seen Copy number Price effective from Koha item type Public note
          ბათუმის შოთა რუსთაველის სახელმწიფო უნივერსიტეტის მთავარი ბიბლიოთეკა ბათუმის შოთა რუსთაველის სახელმწიფო უნივერსიტეტის მთავარი ბიბლიოთეკა წიგნსაცავი 2020-09-02 55.00 32 F-96 60998 2020-09-02 69998 2020-09-02 წიგნი 55 ლ.